|
|
|
|
| LEADER |
01338cam a2200349 i 4500 |
| 008 |
180803s2018 ii b 001 0 eng d |
| 999 |
|
|
|c 344765
|d 344765
|
| 010 |
|
|
|a 2019328574
|
| 020 |
|
|
|a 9788131609712
|
| 020 |
|
|
|a 8131609715
|
| 025 |
|
|
|a I-E-2019328574; 29
|
| 035 |
|
|
|a (OCoLC)on1047918021
|
| 035 |
|
|
|a (OCoLC)1047918021
|
| 042 |
|
|
|a lccopycat
|a lcode
|
| 082 |
0 |
4 |
|a 812.5
|2 23
|
| 100 |
1 |
|
|a Bairathi, Priti
|
| 245 |
1 |
0 |
|a Societal reflections in postmodern drama :
|b the two-character play /
|c Priti Bairathi
|
| 260 |
|
|
|a Jaipur:
|b Rawat Publications,
|c 2018
|
| 300 |
|
|
|a 172 pages ;
|c 25 cm
|
| 504 |
|
|
|a Includes bibliographical references (pages 159-167) and index.
|
| 650 |
|
0 |
|a American drama
|y 20th century
|x History and criticism.
|
| 650 |
|
0 |
|a Postmodernism (Literature)
|x History and criticism.
|
| 650 |
|
0 |
|a Society in literature.
|
| 650 |
|
7 |
|a American drama.
|2 fast
|
| 650 |
|
7 |
|a Postmodernism (Literature)
|2 fast
|
| 650 |
|
7 |
|a Society in literature.
|2 fast
|
| 942 |
|
|
|c BK
|
| 648 |
|
7 |
|a 1900-1999
|2 fast
|
| 655 |
|
7 |
|a Criticism, interpretation, etc.
|2 fast
|
| 906 |
|
|
|a 7
|b cbc
|c copycat
|d 3
|e ncip
|f 20
|g y-gencatlg
|
| 955 |
|
|
|b wd51 2019-06-14 to SELCOM
|i wd53 2019-07-31 to CALM
|
| 952 |
|
|
|0 0
|1 0
|2 ddc
|4 0
|6 812_500000000000000_BAI_S
|7 0
|9 396623
|a ENG
|b ENG
|c ST1
|d 2019-11-13
|i 18521
|l 0
|o 812.5 BAI/S
|p ENG18521
|r 2019-11-13
|y BK
|